Statistics for Biggest Cities in Argentina on a Map

Click here to take the quiz!

General Stats

  • This quiz has been taken 356 times
  • The average score is 7 of 10

Answers on the Map

Answers color-coded by a green-red scale on the quiz's map according to % correct below.
 

Answer Stats

PopulationCity% Correct
15,172,700Buenos Aires
100%
1,612,100Córdoba
94%
1,339,500Rosario
86%
1,053,500Mendoza
68%
852,800La Plata
56%
644,400Salta
56%
902,200San Miguel de Tucumán
55%
626,300Mar del Plata
46%
540,200Santa Fe
46%
512,000San Juan
45%

Score Distribution

Percentile by Number Answered

Percent of People with Each Score

Your Score History

You have not taken this quiz